| 000 | 00983nam a22003377a 4500 | ||
|---|---|---|---|
| 001 | 0006116 | ||
| 003 | KOHA_MİRAKIL | ||
| 005 | 20260207001511.0 | ||
| 007 | ta | ||
| 008 | 090626b1986 tu |||gr||||#||||0|tur | | ||
| 040 |
_aTR-BiSEU _btur _cTR-BiSEU _erda |
||
| 041 | 0 | _atur | |
| 044 | _ctu | ||
| 050 |
_aD1056.2 _b.G67 1986 |
||
| 100 | 1 | _aGorce, La. | |
| 245 | 1 |
_aÇağlar boyu Yunanlılar/ _cLa Gorce ; La Gorge; Türkçe yayını hazırlayan Doğu Araştırma Merkezi. |
|
| 264 | 1 |
_aAnkara : _bBelge Yayınları _c1986 |
|
| 300 | _a399 sayfa | ||
| 336 |
_ametin _btxt _2rdacontent |
||
| 337 |
_aaracısız _bn _2rdamedia |
||
| 338 |
_acilt _bnc _2rdacarrier |
||
| 490 | 1 | _aBelge yayınları ;seri 01-no. | |
| 490 | 1 | _a3. | |
| 650 | 0 |
_aGreeks. _915044 |
|
| 650 | 0 |
_aYunanlılar. _915045 |
|
| 650 | 0 |
_aEthnology--Europe. _915046 |
|
| 650 | 0 |
_aEtnoloji--Avrupa. _915047 |
|
| 830 | 1 |
_aBelge yayınları ;seri 01-no. _915048 |
|
| 830 | 1 |
_a3. _95553 |
|
| 942 |
_2lcc _cBK |
||
| 999 |
_c6097 _d6097 |
||